1395 1098 1852 1151 1107 1732 1540 1739 1906 1355 1955 1510 1797 1182 1165 1471 1946 1478 1572 1243 1679 1248 1878 1995 1115 1424 1273 1409 1739 1882 1897 1464 1922 1639 1570 1173 1859 1468 1407 1519 1813 1593 1877 1155 1594 1520 1389 1332 1925 1805 1854 1744 1398 1447 1674 1329 1910 1572 1924 1402 1764 1007 1905 1464 1310 1325 1246 1875 1280 1450 1289 1441 1702 1986 1741 1143 1309 1658 1490 1044 1389 1964 1438 1280 1160 1672 1510 1648 1126 1837 1021 1371 1130 1546 1150 1420 1960 1175 1221 BCNSPRNW ULIB Ver.6.0+V

เปลี่ยนเป็นภาษาไทย

Change to English
 แสดงรายละเอียดบรรณานุกรม
  กลับหน้าหลัก

Brief Record : Get Marc (ISO 2709) : E-mail record : QR code < ปิดหน้าต่าง
LEADER : 00000nam 2200000uu 4500
001    13399124352
003     ULIB
008    150512s2551||||th 000 0 tha d
020    ^a9789746723121
060 04 ^aWH100^bพ887ภ
100 0  ^aเพ็ญนภา คลังสินศิริกุล
245 00 ^aภูมิคุ้มกันโลหิตวิทยาและธนาคารเลือด /^cบรรณาธิการ,เพ็ญนภา คลังสินศิริกุล
250    ^aพิมพ์ครั้งที่ 1
260    ^aเชียงใหม่ :^bคณะเทคนิคการแพทย์ มหวิทยาลัยเชียงใหม่,^c2551
300    ^a1 เล่ม (เลขหน้าไม่เรียงลำดับ) :^bภาพประกอบ ;^c27 ซม.
650  7 ^aธนาคารเลือด
650  7 ^aเลือด
650  7 ^aเลือด^xการเก็บรักษา
650  7 ^aภูมิคุ้มกัน
710 2  ^aมหาวิทยาลัยเชียงใหม่. ^bคณะเทคนิคการแพทย์.
945    ^p220^l0^i15468
995    ^aทศพร
999    ^aทศพร เกษรทอง
รายการนี้ยังไม่มีแท็ก
คุณยังไม่ได้ล็อกอิน คุณสามารถมีกิจกรรมร่วมกับเว็บไซต์ได้ แต่ต้องล็อกอินก่อน ::
  ล็อกอิน

รายการสื่อสารสนเทศ

ลำดับที่ ประเภท เลขเรียก/บาร์โค้ด สถานที่ สถานะ
1. วิทยาศาสตร์การแพทย์ และสุขภาพ
วิทยาศาสตร์การแพทย์ และสุขภาพ
WH100 พ887ภ ฉ.1 
  Barcode: 15468
ห้องสมุดวิทยาเขตนครสวรรค์
►ส่วนจัดเก็บหนังสือเก่า นว.
บนชั้น
  ขอยืม

รายการใกล้เคียง
    ผู้แต่ง [เพ็ญนภา คลังสินศิริกุล]

    หัวเรื่อง [ธนาคารเลือด]
    หัวเรื่อง [เลือด]
    หัวเรื่อง [ภูมิคุ้มกัน]

BibComment


ยังไม่เคยถูกคอมเมนท์

คอมเมนท์ทรัพยากรรายการนี้
  คอมเมนท์: ภูมิคุ้มกันโลหิต..


 Copyright 2026. Bcnsprnw @Library